| 000 | 00792nam a22002297a 4500 | ||
|---|---|---|---|
| 001 | 77456 | ||
| 003 | BD-RjUL | ||
| 005 | 20211209082955.0 | ||
| 008 | 200920r19251908enk||||| |||| 00| 0 eng d | ||
| 035 | _a(BD-RjUL)77681 | ||
| 040 |
_aBD-RjUL _beng _cBD-RjUL |
||
| 041 | _aeng | ||
| 082 |
_a822.2 _bSKM 1925 |
||
| 100 |
_aSkelton, John. _9241480 |
||
| 245 | 1 | 0 |
_aMagnificence : _ba moral play / _cby John Skelton,John Skelton ed. with introduction, notes, and glossary, by Robert Lee Ramsay. |
| 260 |
_aLondon: _bEarly English text society, _c1908 [reprinted 1925] |
||
| 300 |
_acxcvii, [2], 100 pages; _c23 cm. |
||
| 650 |
_aMagnyfycence (Skelton, John) _9241481 |
||
| 650 |
_aEnglish drama _yEarly modern and Elizabethan _9241482 |
||
| 700 |
_aRamsay, Robert Lee. _9241484 |
||
| 942 |
_2ddc _cBK |
||
| 999 |
_c77456 _d77456 |
||